[Event "Landesklasse West 2012/2013"]
[Site "?"]
[Date "2012.11.25"]
[Round "3"]
[White "Reum, Lutz"]
[Black "Lesser, Thomas"]
[Result "1/2-1/2"]
[WhiteElo "1855"]
[BlackElo "1845"]
[PlyCount "24"]
[EventDate "2012.??.??"]
[WhiteTeam "SG Barchfeld/Breitungen"]
[BlackTeam "SV Schmalkalden 04"]

1. d4 d5 2. Nf3 Nf6 3. e3 Bf5 4. Bd3 Bxd3 5. Qxd3 e6 6. Nbd2 Nbd7 7. O-O Bd6 8.
Re1 O-O 9. c3 c5 10. e4 dxe4 11. Nxe4 Nxe4 12. Qxe4 b6 1/2-1/2

[Event "Landesklasse West 2012/2013"]
[Site "?"]
[Date "2012.11.25"]
[Round "3"]
[White "Klein, Matthias"]
[Black "Crivellaro, Heiko"]
[Result "1/2-1/2"]
[WhiteElo "1757"]
[BlackElo "1816"]
[PlyCount "25"]
[EventDate "2012.??.??"]
[WhiteTeam "SV Schmalkalden 04"]
[BlackTeam "SG Barchfeld/Breitungen"]

1. e4 e5 2. Nf3 Nf6 3. Nxe5 d6 4. Nf3 Nxe4 5. d4 d5 6. Bd3 Bg4 7. h3 Bh5 8. O-O
Be7 9. Re1 f5 10. c4 c6 11. cxd5 cxd5 12. Qb3 b6 13. Nc3 1/2-1/2

[Event "Landesklasse West 2012/2013"]
[Site "?"]
[Date "2012.11.25"]
[Round "3"]
[White "Heß, Wolfgang"]
[Black "Krannich, Steffen"]
[Result "1/2-1/2"]
[WhiteElo "1742"]
[BlackElo "1818"]
[PlyCount "36"]
[EventDate "2012.??.??"]
[WhiteTeam "SG Barchfeld/Breitungen"]
[BlackTeam "SV Schmalkalden 04"]

1. e4 e5 2. Nf3 d6 3. Bc4 Nf6 4. d3 Be7 5. O-O O-O 6. h3 c6 7. c3 b5 8. Bb3
Nbd7 9. Be3 Qc7 10. Nbd2 Bb7 11. Ne1 d5 12. Bg5 Nc5 13. Bc2 Rad8 14. Bxf6 Bxf6
15. Qe2 Ne6 16. g3 c5 17. Ng2 c4 18. exd5 Bxd5 1/2-1/2

[Event "Landesklasse West 2012/2013"]
[Site "?"]
[Date "2012.11.25"]
[Round "3"]
[White "Burkhardt, Christian"]
[Black "Abe, Rico"]
[Result "1/2-1/2"]
[WhiteElo "1717"]
[BlackElo "1709"]
[PlyCount "47"]
[EventDate "2012.??.??"]
[WhiteTeam "SV Schmalkalden 04"]
[BlackTeam "SG Barchfeld/Breitungen"]

1. d4 Nf6 2. c4 e6 3. Nf3 d5 4. Bg5 Be7 5. e3 c6 6. Nc3 O-O 7. Rc1 dxc4 8. Bxc4
Nd5 9. Bxe7 Qxe7 10. O-O Nd7 11. e4 Nxc3 12. bxc3 Nb6 13. Bb3 Rd8 14. c4 a5 15.
a4 Nd7 16. Qc2 b6 17. Rfd1 Bb7 18. c5 bxc5 19. dxc5 Nf6 20. Rd6 Ne8 21. Rdd1
Rxd1+ 22. Rxd1 Rd8 23. Rxd8 Qxd8 24. Qd2 1/2-1/2

[Event "Landesklasse West 2012/2013"]
[Site "?"]
[Date "2012.11.25"]
[Round "3"]
[White "Recknagel, Michael"]
[Black "Kachel, Alfred"]
[Result "1/2-1/2"]
[WhiteElo "2179"]
[BlackElo "1956"]
[PlyCount "75"]
[EventDate "2012.??.??"]
[WhiteTeam "SC Suhl"]
[BlackTeam "Schachclub Rochade Leinefelde"]

1. e4 c6 2. d4 g6 3. Bd3 Bg7 4. Ne2 d5 5. e5 Nh6 6. Nf4 c5 7. dxc5 O-O 8. Nc3
e6 9. Nh3 Nd7 10. Bg5 Qa5 11. Qd2 Ng4 12. f4 f6 13. exf6 Ngxf6 14. Ne4 Qxd2+
15. Nxd2 Nxc5 16. Nf2 Nxd3+ 17. Nxd3 Ne4 18. Be7 Rf7 19. Ba3 b6 20. g3 g5 21.
fxg5 Nxg5 22. O-O-O Bb7 23. Rhe1 Ne4 24. Nxe4 dxe4 25. Nf4 e5 26. Nd5 Rf2 27.
h4 e3 28. Nxe3 Bh6 29. Kb1 Bf3 30. Rd3 e4 31. Rc3 Rd8 32. Be7 Bxe3 33. Rcxe3
Rdd2 34. Bb4 Rxc2 35. Bc3 b5 36. a3 a5 37. Rc1 Rce2 38. Re1 1/2-1/2

[Event "Landesklasse West 2012/2013"]
[Site "?"]
[Date "2012.11.25"]
[Round "3"]
[White "Ziegenfuß, Holger"]
[Black "Silberschlag, Jörg"]
[Result "1-0"]
[WhiteElo "1906"]
[BlackElo "2111"]
[PlyCount "73"]
[EventDate "2012.??.??"]
[WhiteTeam "Schachclub Rochade Leinefelde"]
[BlackTeam "SC Suhl"]

1. e4 c5 2. Nc3 Nc6 3. f4 g6 4. Nf3 Bg7 5. Bb5 e6 6. Bxc6 dxc6 7. O-O f6 8. d3
Ne7 9. Qe1 O-O 10. Qh4 b6 11. Bd2 a6 12. Rae1 Ra7 13. Kh1 Qe8 14. g4 c4 15.
dxc4 c5 16. Rg1 Rd7 17. Rg3 h6 18. Qh3 g5 19. f5 Nc6 20. fxe6 Qxe6 21. Nd5 Ne5
22. Nxe5 fxe5 23. Rf1 Rxf1+ 24. Qxf1 Rf7 25. Qe2 Bd7 26. h3 b5 27. cxb5 axb5
28. b3 Bc6 29. c4 Ra7 30. Be3 bxc4 31. Bxc5 Ra5 32. Qxc4 Kh7 33. Rf3 Rxa2 34.
Nf6+ Qxf6 35. Rxf6 Bxf6 36. Qf7+ Bg7 37. Qf5+ 1-0

[Event "Landesklasse West 2012/2013"]
[Site "?"]
[Date "2012.11.25"]
[Round "3"]
[White "Feld-Gerdes, Wolfgang"]
[Black "Frank, Thomas"]
[Result "1-0"]
[WhiteElo "2009"]
[BlackElo "1907"]
[PlyCount "61"]
[EventDate "2012.??.??"]
[WhiteTeam "SC Suhl"]
[BlackTeam "Schachclub Rochade Leinefelde"]

1. Nf3 Nf6 2. g3 g6 3. Bg2 Bg7 4. d3 d6 5. e4 e5 6. Nc3 O-O 7. h3 h6 8. Be3 Kh7
9. Qd2 Be6 10. d4 exd4 11. Nxd4 Nbd7 12. f4 Bc4 13. O-O-O Rg8 14. g4 Rh8 15.
Bf3 Kg8 16. Qg2 Ne8 17. h4 f6 18. Nd5 Bxd5 19. exd5 Nc5 20. h5 g5 21. Nf5 Nd7
22. Rhe1 Bf8 23. Be4 Ng7 24. Nd4 Nc5 25. Bg6 Be7 26. Qf3 Nd7 27. Kb1 Nf8 28.
fxg5 Nxg6 29. hxg6 h5 30. gxh5 Nxh5 31. Rh1 1-0

[Event "Landesklasse West 2012/2013"]
[Site "?"]
[Date "2012.11.25"]
[Round "3"]
[White "Pfitzenreuter, Gerald"]
[Black "Berghof, Axel"]
[Result "0-1"]
[WhiteElo "1901"]
[BlackElo "2010"]
[PlyCount "40"]
[EventDate "2012.??.??"]
[WhiteTeam "Schachclub Rochade Leinefelde"]
[BlackTeam "SC Suhl"]

1. d4 b5 2. e4 Bb7 3. f3 a6 4. Be3 e6 5. Nd2 Nf6 6. Bd3 d6 7. c4 bxc4 8. Qa4+
Bc6 9. Qxc4 d5 10. Qc2 dxe4 11. fxe4 Ng4 12. Ke2 Nxe3 13. Kxe3 g6 14. Ngf3 Bh6+
15. Kf2 O-O 16. Rhe1 Bb7 17. Nb3 Nc6 18. Qc4 Rb8 19. Nc5 Bc8 20. Nxe6 fxe6 0-1

[Event "Landesklasse West 2012/2013"]
[Site "?"]
[Date "2012.11.25"]
[Round "3"]
[White "Koch, Stefan"]
[Black "Müller, Sebastian"]
[Result "1/2-1/2"]
[WhiteElo "1868"]
[BlackElo "1897"]
[PlyCount "41"]
[EventDate "2012.??.??"]
[WhiteTeam "SC Suhl"]
[BlackTeam "Schachclub Rochade Leinefelde"]

1. d4 d5 2. Nf3 Nf6 3. Bf4 c6 4. e3 Bf5 5. Bd3 Bxd3 6. Qxd3 e6 7. Nbd2 Bd6 8.
Bxd6 Qxd6 9. O-O Nbd7 10. Rfe1 O-O 11. e4 dxe4 12. Nxe4 Qf4 13. g3 Qc7 14. Qa3
b5 15. Nxf6+ Nxf6 16. Ne5 Rfd8 17. Rad1 Rd5 18. Qe3 Rad8 19. Rd3 b4 20. c3 Ra5
21. cxb4 1/2-1/2

[Event "Landesklasse West 2012/2013"]
[Site "?"]
[Date "2012.11.25"]
[Round "3"]
[White "Petiko, Jakob"]
[Black "Fuhrmann, Christian"]
[Result "1-0"]
[WhiteElo "1899"]
[BlackElo "1797"]
[PlyCount "61"]
[EventDate "2012.??.??"]
[WhiteTeam "Schachclub Rochade Leinefelde"]
[BlackTeam "SC Suhl"]

1. e4 c5 2. Nc3 Nc6 3. g3 g6 4. Bg2 Bg7 5. d3 d6 6. Be3 e5 7. Qd2 Nge7 8. Bh6
O-O 9. h4 Nd4 10. O-O-O b5 11. h5 f6 12. Bxg7 Kxg7 13. hxg6 hxg6 14. Qh6+ Kf7
15. Qh7+ Ke8 16. Nd5 Nxd5 17. Qxg6+ Kd7 18. exd5 Kc7 19. c3 Nf5 20. Rh7+ Kb6
21. Be4 Ne7 22. Qg7 f5 23. Bf3 Ng8 24. Nh3 Nf6 25. Rh6 Ng8 26. Rh8 Bd7 27. Ng5
Nf6 28. Rh6 Rc8 29. Nf7 Qe7 30. Rxf6 Rg8 31. Qh6 1-0

[Event "Landesklasse West 2012/2013"]
[Site "?"]
[Date "2012.11.25"]
[Round "3"]
[White "Will, Ralph"]
[Black "Seeboth, Paul"]
[Result "1/2-1/2"]
[WhiteElo "1747"]
[BlackElo "1806"]
[PlyCount "77"]
[EventDate "2012.??.??"]
[WhiteTeam "SC Suhl"]
[BlackTeam "Schachclub Rochade Leinefelde"]

1. d4 Nf6 2. c4 e6 3. Nf3 d5 4. g3 c6 5. cxd5 exd5 6. Bg2 Bd6 7. O-O O-O 8. Nc3
Re8 9. Bg5 Bg4 10. Qc2 h6 11. Bxf6 Qxf6 12. Rfe1 Bxf3 13. exf3 Nd7 14. Qd2 Nb6
15. b3 Ba3 16. Re3 Re7 17. Rae1 Rae8 18. Rxe7 Rxe7 19. Re3 Qf5 20. f4 f6 21.
Bf1 Qd7 22. Bd3 f5 23. Re5 Rf7 24. Qe2 Bd6 25. Re3 g6 26. Nb1 Kg7 27. Nd2 a6
28. Nf3 Na8 29. Ne5 Bxe5 30. fxe5 Qe6 31. f4 h5 32. h4 Qe7 33. Qc2 Nc7 34. a4
Qa3 35. Bf1 Ne6 36. Rd3 Qb4 37. Qd1 Rc7 38. Bg2 Rd7 39. Qd2 1/2-1/2

[Event "Landesklasse West 2012/2013"]
[Site "?"]
[Date "2012.11.25"]
[Round "3"]
[White "Dittrich, Frank"]
[Black "Müller, Bernd"]
[Result "1/2-1/2"]
[WhiteElo "1768"]
[BlackElo "1720"]
[PlyCount "30"]
[EventDate "2012.??.??"]
[WhiteTeam "Schachclub Rochade Leinefelde"]
[BlackTeam "SC Suhl"]

1. e4 d5 2. exd5 Qxd5 3. Nc3 Qa5 4. d4 Nf6 5. Bd2 Bg4 6. Nf3 c6 7. Bc4 e6 8.
O-O Qh5 9. Be2 Bd6 10. Ne5 Bxe2 11. Qxe2 Qxe2 12. Nxe2 Nbd7 13. Nc4 Bc7 14. Bb4
Nd5 15. Bd6 O-O-O 1/2-1/2

[Event "Landesklasse West 2012/2013"]
[Site "?"]
[Date "2012.12.16"]
[Round "4"]
[White "Klingler, Lutz"]
[Black "Essegern, Kurt"]
[Result "1/2-1/2"]
[WhiteElo "1979"]
[BlackElo "1952"]
[PlyCount "32"]
[EventDate "2012.??.??"]
[WhiteTeam "SV Schmalkalden 04"]
[BlackTeam "Randspringer Bad Salzungen"]

1. f4 d5 2. Nf3 Nf6 3. e3 g6 4. d4 Bg7 5. Bd3 c5 6. c3 c4 7. Bc2 Nc6 8. O-O Bg4
9. h3 Bxf3 10. Qxf3 Qd7 11. Nd2 e6 12. e4 dxe4 13. Nxe4 Nxe4 14. Bxe4 O-O 15.
Bxc6 Qxc6 16. Qxc6 bxc6 1/2-1/2

[Event "Landesklasse West 2012/2013"]
[Site "?"]
[Date "2012.12.16"]
[Round "4"]
[White "Hübschmann, Holger"]
[Black "Bamberg, Alexander"]
[Result "1/2-1/2"]
[WhiteElo "1903"]
[BlackElo "1855"]
[PlyCount "22"]
[EventDate "2012.??.??"]
[WhiteTeam "Randspringer Bad Salzungen"]
[BlackTeam "SV Schmalkalden 04"]

1. Nf3 d5 2. c4 c6 3. b3 Bf5 4. d3 Nf6 5. Bb2 e6 6. g3 h6 7. Bg2 Be7 8. O-O O-O
9. Nbd2 a5 10. Nd4 Bg6 11. e4 Na6 1/2-1/2

[Event "Landesklasse West 2012/2013"]
[Site "?"]
[Date "2012.12.16"]
[Round "4"]
[White "Lesser, Thomas"]
[Black "Schulz, Tilo"]
[Result "1/2-1/2"]
[WhiteElo "1845"]
[BlackElo "1875"]
[PlyCount "21"]
[EventDate "2012.??.??"]
[WhiteTeam "SV Schmalkalden 04"]
[BlackTeam "Randspringer Bad Salzungen"]

1. e4 e5 2. Nc3 Nf6 3. Bc4 Nxe4 4. Qh5 Nd6 5. Qxe5+ Qe7 6. Qxe7+ Bxe7 7. Bb3
O-O 8. Nf3 c6 9. O-O Bf6 10. d4 Nf5 11. d5 1/2-1/2

[Event "Landesklasse West 2012/2013"]
[Site "?"]
[Date "2012.12.16"]
[Round "4"]
[White "Roth, Ralf"]
[Black "Klein, Matthias"]
[Result "1/2-1/2"]
[WhiteElo "1849"]
[BlackElo "1757"]
[PlyCount "27"]
[EventDate "2012.??.??"]
[WhiteTeam "Randspringer Bad Salzungen"]
[BlackTeam "SV Schmalkalden 04"]

1. Nc3 d5 2. e4 d4 3. Nce2 e5 4. Ng3 Be6 5. Nf3 f6 6. d3 Bb4+ 7. Nd2 Ne7 8. Be2
c5 9. a3 Ba5 10. O-O Nbc6 11. f4 exf4 12. Rxf4 Bc7 13. Rf2 Ne5 14. Nh5 1/2-1/2

[Event "Landesklasse West 2012/2013"]
[Site "?"]
[Date "2012.12.16"]
[Round "4"]
[White "Feldmann, Bernd"]
[Black "Burkhardt, Christian"]
[Result "1/2-1/2"]
[WhiteElo "1817"]
[BlackElo "1717"]
[PlyCount "20"]
[EventDate "2012.??.??"]
[WhiteTeam "Randspringer Bad Salzungen"]
[BlackTeam "SV Schmalkalden 04"]

1. d4 d5 2. Nf3 Nf6 3. Bg5 e6 4. c3 Be7 5. Nbd2 O-O 6. Bxf6 Bxf6 7. e4 dxe4 8.
Nxe4 Be7 9. Bd3 Nd7 10. Qc2 g6 1/2-1/2

[Event "Landesklasse West 2012/2013"]
[Site "?"]
[Date "2012.12.16"]
[Round "4"]
[White "Weigend, Joachim"]
[Black "Kunze, Heinz"]
[Result "1/2-1/2"]
[WhiteElo "1777"]
[BlackElo "1733"]
[PlyCount "23"]
[EventDate "2012.??.??"]
[WhiteTeam "SV Schmalkalden 04"]
[BlackTeam "Randspringer Bad Salzungen"]

1. e4 c5 2. Nf3 Nc6 3. d4 cxd4 4. Nxd4 e6 5. Nc3 a6 6. Be3 Qc7 7. a3 Nf6 8. Be2
Be7 9. O-O O-O 10. f4 d6 11. Nb3 b5 12. Bf3 1/2-1/2

[Event "Landesklasse West 2012/2013"]
[Site "?"]
[Date "2012.12.16"]
[Round "4"]
[White "Mäurer, Michael"]
[Black "Röder, Detlef"]
[Result "1/2-1/2"]
[WhiteElo "1632"]
[BlackElo "1629"]
[PlyCount "31"]
[EventDate "2012.??.??"]
[WhiteTeam "Randspringer Bad Salzungen"]
[BlackTeam "SV Schmalkalden 04"]

1. g4 d5 2. Bg2 c6 3. g5 e5 4. d3 Be7 5. h4 h6 6. gxh6 Nxh6 7. h5 Bg5 8. Nf3
Bxc1 9. Qxc1 Qf6 10. Qg5 Qxg5 11. Nxg5 f6 12. Nf3 Be6 13. Nh4 Bf7 14. Ng6 Bxg6
15. hxg6 Nd7 16. Nd2 1/2-1/2

[Event "Landesklasse West 2012/2013"]
[Site "?"]
[Date "2012.12.16"]
[Round "4"]
[White "Rockstuhl, Reiner"]
[Black "Recknagel, Michael"]
[Result "0-1"]
[WhiteElo "1775"]
[BlackElo "2179"]
[PlyCount "74"]
[EventDate "2012.??.??"]
[WhiteTeam "Schachclub 1998 Gotha"]
[BlackTeam "SC Suhl"]

1. e4 c6 2. d4 d5 3. exd5 cxd5 4. Bd3 Nc6 5. c3 e6 6. Nf3 Bd6 7. O-O Nf6 8. Bg5
Qc7 9. Nbd2 Ng4 10. h3 h6 11. Be3 Nf6 12. Ne1 g5 13. Qf3 Qe7 14. Bb5 Bd7 15.
Nd3 O-O-O 16. Nc5 Be8 17. a4 Kb8 18. Ndb3 a6 19. Bd3 Nd7 20. Nxd7+ Bxd7 21. Bd2
e5 22. Qd1 e4 23. Be2 f5 24. Nc5 f4 25. Nxd7+ Qxd7 26. Qb3 f3 27. Bxa6 fxg2 28.
Kxg2 Rhf8 29. Be2 Rf3 30. Rh1 Nxd4 31. Qd1 Nxe2 32. Qxe2 g4 33. h4 g3 34. Be3
Qg4 35. Qd2 Rxf2+ 36. Bxf2 Qf3+ 37. Kg1 gxf2+ 0-1

[Event "Landesklasse West 2012/2013"]
[Site "?"]
[Date "2012.12.16"]
[Round "4"]
[White "Feld-Gerdes, Wolfgang"]
[Black "Lutzkat, Ulrich"]
[Result "1-0"]
[WhiteElo "2009"]
[BlackElo "2005"]
[PlyCount "63"]
[EventDate "2012.??.??"]
[WhiteTeam "SC Suhl"]
[BlackTeam "Schachclub 1998 Gotha"]

1. e4 d5 2. Nc3 dxe4 3. Nxe4 Bf5 4. Ng3 Bg6 5. Nf3 Nf6 6. d4 e6 7. Bg5 Be7 8.
Bd3 Nbd7 9. O-O O-O 10. Bxg6 hxg6 11. Qe2 Nd5 12. Ne4 Bxg5 13. Nexg5 c6 14. Qe4
N7f6 15. Qh4 Ne7 16. c3 Qd5 17. Rfe1 b6 18. g4 c5 19. Re3 cxd4 20. cxd4 Rfc8
21. Ne5 Qxd4 22. Ngxf7 Kf8 23. Ng5 Qxb2 24. Qh8+ Nfg8 25. Nxe6+ Ke8 26. Nxg7+
Kd8 27. Rd1+ Kc7 28. Ne6+ Kb7 29. Rd7+ Ka6 30. Qh3 Qc1+ 31. Kg2 Qc2 32. Ra3+
1-0

[Event "Landesklasse West 2012/2013"]
[Site "?"]
[Date "2012.12.16"]
[Round "4"]
[White "Manger, Hans-Gerald"]
[Black "Berghof, Axel"]
[Result "1/2-1/2"]
[WhiteElo "1842"]
[BlackElo "2010"]
[PlyCount "73"]
[EventDate "2012.??.??"]
[WhiteTeam "Schachclub 1998 Gotha"]
[BlackTeam "SC Suhl"]

1. d4 d5 2. c4 e6 3. Nf3 c6 4. Nc3 f5 5. Bf4 Nf6 6. e3 Be7 7. Bd3 O-O 8. h3 Ne4
9. O-O Nd7 10. Ne5 Nxe5 11. Bxe5 Bd6 12. Bxd6 Qxd6 13. Rc1 Bd7 14. a3 Rf6 15.
Bxe4 fxe4 16. Qb3 b5 17. cxb5 cxb5 18. Qb4 Qb8 19. Ne2 a5 20. Qc5 b4 21. Qc7
Bb5 22. Qxb8+ Rxb8 23. Rfe1 Bc4 24. Ng3 bxa3 25. bxa3 Bd3 26. Nh5 Rh6 27. Nf4
Bc4 28. g4 Rf6 29. Rb1 Re8 30. g5 Rf5 31. h4 e5 32. dxe5 Rexe5 33. Red1 a4 34.
Rb7 Rf7 35. Rb8+ Rf8 36. Rb7 Rf7 37. Rb8+ 1/2-1/2

[Event "Landesklasse West 2012/2013"]
[Site "?"]
[Date "2012.12.16"]
[Round "4"]
[White "Wenke, Robert"]
[Black "v.d. Weth-v. Nordheim, Petra"]
[Result "1/2-1/2"]
[WhiteElo "1543"]
[BlackElo "1855"]
[PlyCount "49"]
[EventDate "2012.??.??"]
[WhiteTeam "Schachclub 1998 Gotha"]
[BlackTeam "SC Suhl"]

1. d4 d5 2. c4 e6 3. Nc3 c6 4. Nf3 Bd6 5. e3 Nd7 6. Bd3 f5 7. O-O Ngf6 8. Re1
Ne4 9. Qc2 O-O 10. g3 Rf6 11. Nh4 Rh6 12. Ng2 g5 13. Nxe4 fxe4 14. Be2 Nf6 15.
Rf1 g4 16. b3 Qf8 17. Bb2 Rh3 18. Nh4 Qh6 19. Kg2 Rxh2+ 20. Kxh2 Qxh4+ 21. Kg1
Bxg3 22. fxg3 Qxg3+ 23. Kh1 Qh3+ 24. Kg1 Qxe3+ 25. Kh1 1/2-1/2

[Event "Landesklasse West 2012/2013"]
[Site "?"]
[Date "2012.12.16"]
[Round "4"]
[White "von Nordheim, Kurt"]
[Black "Müller, Martin"]
[Result "1-0"]
[WhiteElo "1614"]
[BlackElo "1375"]
[PlyCount "151"]
[EventDate "2012.??.??"]
[WhiteTeam "SC Suhl"]
[BlackTeam "Schachclub 1998 Gotha"]

1. e4 c5 2. c3 Nc6 3. d4 cxd4 4. cxd4 d6 5. Nc3 e6 6. Nf3 Nf6 7. Bb5 Bd7 8. O-O
a6 9. Ba4 Be7 10. Bc2 Nb4 11. Bb3 Nc6 12. Re1 Rc8 13. d5 exd5 14. Nxd5 O-O 15.
Nxe7+ Qxe7 16. Bf4 Ne5 17. Nxe5 dxe5 18. Bg5 Rc7 19. Qf3 Be6 20. Rac1 Rxc1 21.
Rxc1 Bxb3 22. Qxb3 b5 23. f3 h6 24. Bh4 Qa7+ 25. Bf2 Qb7 26. Qc3 Qb8 27. Qc6 a5
28. Rc5 b4 29. Bg3 Qa7 30. Qc7 Qa6 31. Qxa5 Qd3 32. Qxb4 Qb1+ 33. Be1 Qxa2 34.
Rxe5 Qa7+ 35. Kf1 Rb8 36. Qc3 Qa6+ 37. Kf2 Qb6+ 38. Kg3 Qxb2 39. Qxb2 Rxb2 40.
Rf5 Rc2 41. Bb4 Rc4 42. Be7 Ne8 43. Rc5 Rxc5 44. Bxc5 Nc7 45. f4 g6 46. Bd4 Ne6
47. Bf6 Nc5 48. Kf3 Nd7 49. Bc3 f6 50. h4 Kf7 51. f5 h5 52. Kf4 Nc5 53. Bd4 Nd7
54. e5 fxe5+ 55. Bxe5 Nf8 56. Kg5 Nh7+ 57. Kh6 Nf8 58. Bc3 gxf5 59. Kxh5 f4 60.
Kg4 Ne6 61. Be5 Kg6 62. Bxf4 Ng7 63. Bh2 Nh5 64. Be5 Kh6 65. Kf3 Kg6 66. g4 Nf6
67. Bxf6 Kxf6 68. Kf4 Kg6 69. Ke5 Kg7 70. Kf5 Kf7 71. h5 Kg7 72. g5 Kf7 73. h6
Kg8 74. g6 Kh8 75. Kf6 Kg8 76. h7+ 1-0

[Event "Landesklasse West 2012/2013"]
[Site "?"]
[Date "2012.12.16"]
[Round "4"]
[White "Kachel, Alfred"]
[Black "Geißhirt, Marco"]
[Result "1/2-1/2"]
[WhiteElo "1956"]
[BlackElo "1854"]
[PlyCount "66"]
[EventDate "2012.??.??"]
[WhiteTeam "Schachclub Rochade Leinefelde"]
[BlackTeam "SG Barchfeld/Breitungen"]

1. c4 c6 2. d4 d5 3. Nc3 e6 4. Nf3 Nf6 5. Bg5 Be7 6. cxd5 exd5 7. e3 Bf5 8. Bd3
Bxd3 9. Qxd3 O-O 10. O-O Nbd7 11. Nd2 Re8 12. f3 Nh5 13. Bxe7 Qxe7 14. Rae1
Rad8 15. Qf5 g6 16. Qd3 Nhf6 17. Re2 c5 18. Rfe1 cxd4 19. Qxd4 Qc5 20. Nb3 Qxd4
21. Nxd4 Re7 22. Kf2 Kf8 23. Rd1 Rde8 24. Ndb5 Nb6 25. Nxa7 Nc4 26. Rd3 d4 27.
exd4 Rxe2+ 28. Nxe2 Ra8 29. Nb5 Rxa2 30. b3 Na5 31. Nd6 Nd5 32. g3 Rb2 33. f4
Nxb3 1/2-1/2

[Event "Landesklasse West 2012/2013"]
[Site "?"]
[Date "2012.12.16"]
[Round "4"]
[White "Rommel, Uwe"]
[Black "Ziegenfuß, Holger"]
[Result "1-0"]
[WhiteElo "1875"]
[BlackElo "1906"]
[PlyCount "89"]
[EventDate "2012.??.??"]
[WhiteTeam "SG Barchfeld/Breitungen"]
[BlackTeam "Schachclub Rochade Leinefelde"]

1. e4 c5 2. Nf3 Nc6 3. d4 cxd4 4. Nxd4 g6 5. Nc3 Bg7 6. Nb3 Nf6 7. Be2 O-O 8.
O-O d6 9. Kh1 Be6 10. Bg5 Qc8 11. f4 Rd8 12. Bd3 Nb4 13. Qf3 Bg4 14. Qf2 Be6
15. Rad1 Nxd3 16. cxd3 Re8 17. f5 Bd7 18. Bxf6 exf6 19. fxg6 fxg6 20. Nd5 f5
21. Rc1 Bc6 22. exf5 gxf5 23. Nb4 Qd7 24. Nxc6 bxc6 25. Nd4 c5 26. Nxf5 Rf8 27.
b3 Rae8 28. Qf3 Re5 29. g4 Qe6 30. Rc4 Bf6 31. Re4 d5 32. Rxe5 Qxe5 33. Kg2 Re8
34. Rf2 Kh8 35. Nh6 Rf8 36. h4 Kg7 37. Re2 Qc7 38. Nf5+ Kh8 39. Qxd5 Rd8 40.
Qe4 Rf8 41. g5 Ba1 42. Rc2 Qc8 43. Ne7 Qc7 44. d4 Rf4 45. Qa8+ 1-0

[Event "Landesklasse West 2012/2013"]
[Site "?"]
[Date "2012.12.16"]
[Round "4"]
[White "Pfitzenreuter, Gerald"]
[Black "Reum, Lutz"]
[Result "1/2-1/2"]
[WhiteElo "1901"]
[BlackElo "1855"]
[PlyCount "24"]
[EventDate "2012.??.??"]
[WhiteTeam "Schachclub Rochade Leinefelde"]
[BlackTeam "SG Barchfeld/Breitungen"]

1. d4 Nf6 2. c4 e6 3. Nc3 Bb4 4. Qc2 d5 5. e3 O-O 6. Nf3 Nbd7 7. Bd3 Re8 8. O-O
dxc4 9. Bxc4 c5 10. a3 Bxc3 11. Qxc3 a6 12. Rd1 Qc7 1/2-1/2

[Event "Landesklasse West 2012/2013"]
[Site "?"]
[Date "2012.12.16"]
[Round "4"]
[White "Crivellaro, Heiko"]
[Black "Müller, Sebastian"]
[Result "0-1"]
[WhiteElo "1816"]
[BlackElo "1897"]
[PlyCount "146"]
[EventDate "2012.??.??"]
[WhiteTeam "SG Barchfeld/Breitungen"]
[BlackTeam "Schachclub Rochade Leinefelde"]

1. f4 d5 2. Nf3 Nf6 3. e3 c5 4. Be2 Nc6 5. O-O g6 6. a3 Bg7 7. Qe1 Qc7 8. d3 a6
9. c3 b5 10. Nbd2 Bb7 11. Ng5 h6 12. Nh3 Rd8 13. e4 dxe4 14. dxe4 e5 15. f5 g5
16. Nf2 c4 17. a4 Bf8 18. axb5 axb5 19. b4 h5 20. g4 hxg4 21. Nxg4 Nxg4 22.
Bxg4 f6 23. Nf3 Rd3 24. Rf2 Qd8 25. Bd2 Bd6 26. Qe2 Bc7 27. Kh1 Bb6 28. Rg2 Rh7
29. Ne1 Rd6 30. Be3 Bxe3 31. Qxe3 Nb8 32. Rga2 Qb6 33. Qf3 Qc6 34. Re2 Rhd7 35.
Qh3 Kd8 36. Bf3 Kc7 37. Qg2 Qb6 38. Raa2 Nc6 39. h3 Ne7 40. Kh2 Nc8 41. Kg3 Rh7
42. Qf2 Qxf2+ 43. Rxf2 Rd8 44. Rfe2 Nd6 45. Re3 Rdh8 46. Bg2 Rh4 47. Rae2 Bc6
48. Kf2 g4 49. hxg4 Rxg4 50. Bf3 Rh2+ 51. Ng2 Rg5 52. Kg1 Rh3 53. Kf2 Rhg3 54.
Re1 Nxf5 55. exf5 Bxf3 56. Nh4 e4 57. Nxf3 Rxf3+ 58. Rxf3 exf3 59. Kxf3 Rxf5+
60. Kg4 Rf2 61. Re7+ Kd6 62. Rf7 Rf1 63. Rf8 Kd5 64. Rd8+ Ke4 65. Rd4+ Ke3 66.
Rd5 f5+ 67. Kg3 f4+ 68. Kg2 Rf2+ 69. Kg1 Rc2 70. Re5+ Kf3 71. Rxb5 Rc1+ 72. Kh2
Rxc3 73. Rh5 Rb3 0-1

[Event "Landesklasse West 2012/2013"]
[Site "?"]
[Date "2012.12.16"]
[Round "4"]
[White "Petiko, Jakob"]
[Black "Heß, Wolfgang"]
[Result "1/2-1/2"]
[WhiteElo "1899"]
[BlackElo "1742"]
[PlyCount "42"]
[EventDate "2012.??.??"]
[WhiteTeam "Schachclub Rochade Leinefelde"]
[BlackTeam "SG Barchfeld/Breitungen"]

1. e4 c5 2. Nc3 Nc6 3. g3 e6 4. Bg2 d6 5. d3 Nf6 6. Nge2 Be7 7. O-O a6 8. h3
Qc7 9. Be3 b6 10. f4 Bb7 11. d4 cxd4 12. Nxd4 Nxd4 13. Bxd4 e5 14. Be3 b5 15.
a3 Qc4 16. Nd5 Nxd5 17. exd5 e4 18. Bd4 Qxd5 19. Re1 f5 20. g4 Qf7 21. gxf5
Qxf5 1/2-1/2

[Event "Landesklasse West 2012/2013"]
[Site "?"]
[Date "2012.12.16"]
[Round "4"]
[White "Dittrich, Frank"]
[Black "Kleinsteuber, Erik"]
[Result "0-1"]
[WhiteElo "1768"]
[BlackElo "1630"]
[PlyCount "110"]
[EventDate "2012.??.??"]
[WhiteTeam "Schachclub Rochade Leinefelde"]
[BlackTeam "SG Barchfeld/Breitungen"]

1. e4 e6 2. d3 d5 3. Nd2 Nf6 4. e5 Nfd7 5. Ngf3 c5 6. c3 Nc6 7. d4 Be7 8. Bd3
O-O 9. O-O f6 10. Re1 cxd4 11. cxd4 fxe5 12. dxe5 Nb4 13. Bb1 Qc7 14. a3 Na6
15. Qe2 Rf7 16. Qd3 Nf8 17. b4 Bd7 18. Bb2 b5 19. Nd4 Qb6 20. N2f3 Nb8 21. Bc3
a6 22. Bd2 Nc6 23. Nxc6 Qxc6 24. Rc1 Qb7 25. Ra2 Rc8 26. Rac2 Bd8 27. Rxc8 Bxc8
28. Be3 Rc7 29. Rxc7 Qxc7 30. Bc5 g6 31. Bxf8 Kxf8 32. Qd2 Qg7 33. Qc1 Bc7 34.
Bd3 Ke8 35. Qc3 Kd8 36. Qd4 Bb8 37. Ng5 Ke7 38. f4 h6 39. Nf3 Qf7 40. g4 Kd8
41. Qb6+ Bc7 42. Qe3 Qg7 43. Kf1 Ke8 44. Qc1 Kd8 45. h4 Bb6 46. Kg2 Bd7 47. Qc2
Be8 48. Kg3 Be3 49. g5 Qf7 50. f5 gxf5 51. gxh6 Qg6+ 52. Kh3 Qxh6 53. Qg2 Qg6
54. Qxg6 Bxg6 55. Kg3 f4+ 0-1

[Event "Landesklasse West 2012/2013"]
[Site "?"]
[Date "2012.12.16"]
[Round "4"]
[White "Reum, Jonathan"]
[Black "Löffelholz, Christian"]
[Result "0-1"]
[WhiteElo "1275"]
[BlackElo "1708"]
[PlyCount "42"]
[EventDate "2012.??.??"]
[WhiteTeam "SG Barchfeld/Breitungen"]
[BlackTeam "Schachclub Rochade Leinefelde"]

1. d4 Nf6 2. c4 g6 3. Nc3 Bg7 4. Nf3 d6 5. Bg5 O-O 6. e3 Nbd7 7. Bd3 a6 8. O-O
Re8 9. Qc2 e5 10. dxe5 Nxe5 11. Nxe5 Rxe5 12. Bf4 Rh5 13. Be2 Bg4 14. Bxg4 Nxg4
15. f3 Ne5 16. Ne4 Bh6 17. Bxh6 Rxh6 18. g3 f5 19. Nf2 Nxf3+ 20. Kg2 Ne5 21.
Qd2 Rxh2+ 0-1